000 00536nam a22002177a 4500
003 UA-OsUOA
001 47105
007 ta
008 20070711b un ||||| |||| 00| 0 ukr d
090 _a7,036
_bИ86
942 _cBK
040 _aUA-OsUOA
_brus
_cUA-OsUOA
_dUA-OsUOA
245 _aИскусство нового класа
300 _a216 с.
955 _a2
041 _arus
080 _a7,036
260 _aМ.
_bПрогресс
_c1978
650 7 _a7 Мистецтво. Ігри. Спорт.
_2UDC
999 _c333204
_d333204